000 01064nam a22002657a 4500
005 20121207112348.0
008 121207t xxu||||| |||| 00| 0 eng d
010 _aENG-106357
020 _a9789080607283
_c1495.00
035 _aEN-89890
037 _bDBAD/PUB
040 _aDPL
_bENG
082 _a900
245 0 0 _aRecording the progress of Indian history :
_bsymposia papers of the Indian History Congress, 1992-2010 /
_cedited by S.Z.H. Jafri
260 _aNew Delhi
_bPrimus Books
_c2012
270 _aVirat Bhavan, Mukherjee Nagar Commercial Complex
_bDelhi
_e110009
300 _axii, 546 p. :
_bill.
_c25cm.(Hb)
500 _aIncludes bibliographical references and index.
651 0 _aIndia
_xHistory
_vCongresses.
_954130
700 1 _aJafri, Saiyid Zaheer Husain
_954131
710 2 _aIndian History Congress
_954132
942 _2ddc
_cEN
_h900
_mREC
999 _c71929
_d71929